| 000 | 00576nam a2200181Ia 4500 | ||
|---|---|---|---|
| 003 | GCL | ||
| 008 | 140319s9999 xx 000 0 ara d | ||
| 040 |
_aGCL / _cGCL |
||
| 082 | 0 | 4 |
_a953.11 _bع ت |
| 100 | 1 | _aابن ربيعة، محمد | |
| 245 | 1 | 0 |
_aتاريخ ابن ربيعة / _cابن ربيعة، محمد |
| 260 |
_aالرياض : _bمكتبة الملك فهد الوطنية ، _c1999 |
||
| 300 |
_a99 ص ؛ _c24 سم |
||
| 650 | 0 | 4 | _aالسعودية - تاريخ |
| 650 | 0 | 4 | _aنجد - تاريخ |
| 650 | 0 | 4 | _aابن ربيعة، محمد |
| 942 |
_2ddc _cBK |
||
| 999 |
_c6903 _d6903 |
||